000
00192 a2200097 4500
020
_a
0917928024
041
_a
eng
100
_a
Sarah Pardee Winchester
245
_a
A driven Woman
942
_c
BK
999
_c
13709
_d
13709